000 00918nam a2200289Ia 4500
001 Z_2197
003 CHAP
008 220113s1995 xx 000 0 und d
010 _a165253
040 _cCHAP
090 _aTesis S 968
100 1 _aSuárez Domínguez, Hermilo
_9110687
245 _aComportamiento productivo de bovinos Hosltein y Brahman alimentados con dos dietas conteniendo rastrojo de maíz /
_cpor Hermilo Suárez Domínguez
260 _aChapingo, Méx. :
_bEl autor,
_c1995
300 _a102 h.
502 _aTesis (Maestro en Ciencias Especialista en Producción Animal) -- UACH. Departamento de Zootecnia
650 7 _aGanado cebú
_2
_945056
650 _aGanado vacuno
_x Alimentación
_945429
650 _aGanado vacuno
_xProducción
_945506
650 _aRumen
_9100837
901 _aTESIS S 968
902 _aM
910 _a1995
942 _c2
942 _c2
999 _c165253
_d165253